000 00433cam a2200169Ia 4500
020 _a0618118802 :
040 _cAMP
082 0 0 _a810 HOU 2002 A097 Or.
245 0 4 _aThe best American travel writing 2002 /
260 _aBoston, MA :
_bHoughton Mifflin Co.,
_c2002
300 _a351 p. ;
_c22 cm
490 1 _aThe Best American series
650 0 _aTravel
650 0 _aTravel writing
700 1 _aMayes, Frances
942 _cEK
999 _c15593
_d15593